Вып. 16; Материалы по геологии Западно-Сибирского края; Маинское серноколчеданное медно-цинковое месторождение; Кельбесский золотоносный район

Detalhes bibliográficos
Parent link:Материалы по геологии Западно-Сибирского края=Records of the geology of the west Siberian region/ Западно-Сибирский геологоразведочный трест. Вып. 16.— , 1933-1937
Outros Autores: Усов М. А. Михаил Антонович
Idioma:russo
inglês
Publicado em: 1934
TOC:Маинское серноколчеданное медно-цинковое месторождение;
Кельбесский золотоносный район;
Assuntos:
Formato: MixedMaterials Livro
KOHA link:https://koha.lib.tpu.ru/cgi-bin/koha/opac-detail.pl?biblionumber=203034

MARC

LEADER 00000nam2a2200000 4500
001 203034
005 20231101225127.0
035 |a (RuTPU)RU\TPU\book\221246 
035 |a RU\TPU\book\221235 
090 |a 203034 
100 |a 20111026d1934 k y0rusy50 ca 
101 0 |a rus  |a eng 
102 |a RU 
105 |a ab z 001zy 
200 0 |a Вып. 16  |f гл. ред. М. А. Усов 
210 |d 1934 
215 |a 68 с.  |c ил., карты 
317 |5 63413507: КР-999  |a Поступила в НТБ в 2004 г. в составе книжного собрания профессора ТПИ К. В. Радугина. 
320 |a Библиогр. в конце ст. 
461 0 |0 (RuTPU)RU\TPU\book\221179  |t Материалы по геологии Западно-Сибирского края  |l Records of the geology of the west Siberian region  |f Западно-Сибирский геологоразведочный трест  |v Вып. 16  |d 1933-1937 
464 |t Маинское серноколчеданное медно-цинковое месторождение 
464 |t Кельбесский золотоносный район  |a Краснопеева, П. С. 
606 1 |a Геология  |y Западная Сибирь  |2 stltpush  |3 (RuTPU)RU\TPU\subj\70290  |9 84644 
610 1 |a орография 
610 1 |a гидрография 
610 1 |a горные породы 
610 1 |a руды 
610 1 |a минералогические исследования 
610 1 |a цветные металлы 
610 1 |a сероколчеданные руды 
610 1 |a медно-цинковые месторождения 
610 1 |a золотоностность 
610 1 |a разведочные работы 
610 1 |a Кельбесский район 
610 1 |a Маинское месторождение 
610 1 |a Библиотека К. В. Радугина 
610 1 |a Библиотека М. А. Усова 
675 |a 55(571.1)  |v 3 
702 1 |a Усов  |b М. А.  |c российский геолог  |c профессор Томского технологического института  |f 1883-1939  |g Михаил Антонович  |2 stltpush  |3 (RuTPU)RU\TPU\pers\1941  |4 651 
801 1 |a RU  |b 63413507  |c 20111025 
801 2 |a RU  |b 63413507  |c 20221114  |g RCR 
942 |c BK